<?xml version="1.0" encoding="UTF-8"?>
<record
    xmlns:xsi="http://www.w3.org/2001/XMLSchema-instance"
    xsi:schemaLocation="http://www.loc.gov/MARC21/slim http://www.loc.gov/standards/marcxml/schema/MARC21slim.xsd"
    xmlns="http://www.loc.gov/MARC21/slim">

  <leader>00404nam a22001577a 4500</leader>
  <controlfield tag="003">OSt</controlfield>
  <controlfield tag="005">20250825184725.0</controlfield>
  <controlfield tag="008">250825b        |||||||| |||| 00| 0 eng d</controlfield>
  <datafield tag="020" ind1=" " ind2=" ">
    <subfield code="a">9788180548758</subfield>
  </datafield>
  <datafield tag="040" ind1=" " ind2=" ">
    <subfield code="c">IIMT University</subfield>
  </datafield>
  <datafield tag="100" ind1=" " ind2=" ">
    <subfield code="a">Gupta S.L. Mittal Alka</subfield>
  </datafield>
  <datafield tag="245" ind1=" " ind2=" ">
    <subfield code="a">Principles of Insurance and Risk Management</subfield>
  </datafield>
  <datafield tag="260" ind1=" " ind2=" ">
    <subfield code="a">New Delhi</subfield>
    <subfield code="b">Sultan Chand</subfield>
    <subfield code="c">2013</subfield>
  </datafield>
  <datafield tag="300" ind1=" " ind2=" ">
    <subfield code="a">814</subfield>
  </datafield>
  <datafield tag="942" ind1=" " ind2=" ">
    <subfield code="2">ddc</subfield>
    <subfield code="c">02</subfield>
  </datafield>
  <datafield tag="999" ind1=" " ind2=" ">
    <subfield code="c">66009</subfield>
    <subfield code="d">66009</subfield>
  </datafield>
  <datafield tag="952" ind1=" " ind2=" ">
    <subfield code="0">0</subfield>
    <subfield code="1">0</subfield>
    <subfield code="2">ddc</subfield>
    <subfield code="4">0</subfield>
    <subfield code="7">0</subfield>
    <subfield code="a">01</subfield>
    <subfield code="b">01</subfield>
    <subfield code="d">2025-08-25</subfield>
    <subfield code="e">Kirti Prakashan</subfield>
    <subfield code="f">Commerce</subfield>
    <subfield code="g">350.00</subfield>
    <subfield code="i">IN396,21-08-2025</subfield>
    <subfield code="l">0</subfield>
    <subfield code="p">01-B-144732</subfield>
    <subfield code="r">2025-08-25</subfield>
    <subfield code="w">2025-08-25</subfield>
    <subfield code="y">02</subfield>
  </datafield>
  <datafield tag="952" ind1=" " ind2=" ">
    <subfield code="0">0</subfield>
    <subfield code="1">0</subfield>
    <subfield code="2">ddc</subfield>
    <subfield code="4">0</subfield>
    <subfield code="7">0</subfield>
    <subfield code="a">01</subfield>
    <subfield code="b">01</subfield>
    <subfield code="d">2025-08-25</subfield>
    <subfield code="e">Kirti Prakashan</subfield>
    <subfield code="f">Commerce</subfield>
    <subfield code="g">350.00</subfield>
    <subfield code="i">IN396,21-08-2025</subfield>
    <subfield code="l">0</subfield>
    <subfield code="p">01-B-144733</subfield>
    <subfield code="r">2025-08-25</subfield>
    <subfield code="w">2025-08-25</subfield>
    <subfield code="y">02</subfield>
  </datafield>
  <datafield tag="952" ind1=" " ind2=" ">
    <subfield code="0">0</subfield>
    <subfield code="1">0</subfield>
    <subfield code="2">ddc</subfield>
    <subfield code="4">0</subfield>
    <subfield code="7">0</subfield>
    <subfield code="a">01</subfield>
    <subfield code="b">01</subfield>
    <subfield code="d">2025-08-25</subfield>
    <subfield code="e">Kirti Prakashan</subfield>
    <subfield code="f">Commerce</subfield>
    <subfield code="g">350.00</subfield>
    <subfield code="i">IN396,21-08-2025</subfield>
    <subfield code="l">0</subfield>
    <subfield code="p">01-B-144734</subfield>
    <subfield code="r">2025-08-25</subfield>
    <subfield code="w">2025-08-25</subfield>
    <subfield code="y">02</subfield>
  </datafield>
  <datafield tag="952" ind1=" " ind2=" ">
    <subfield code="0">0</subfield>
    <subfield code="1">0</subfield>
    <subfield code="2">ddc</subfield>
    <subfield code="4">0</subfield>
    <subfield code="7">0</subfield>
    <subfield code="a">01</subfield>
    <subfield code="b">01</subfield>
    <subfield code="d">2025-08-25</subfield>
    <subfield code="e">Kirti Prakashan</subfield>
    <subfield code="f">Commerce</subfield>
    <subfield code="g">350.00</subfield>
    <subfield code="i">IN396,21-08-2025</subfield>
    <subfield code="l">0</subfield>
    <subfield code="p">01-B-144735</subfield>
    <subfield code="r">2025-08-25</subfield>
    <subfield code="w">2025-08-25</subfield>
    <subfield code="y">02</subfield>
  </datafield>
  <datafield tag="952" ind1=" " ind2=" ">
    <subfield code="0">0</subfield>
    <subfield code="1">0</subfield>
    <subfield code="2">ddc</subfield>
    <subfield code="4">0</subfield>
    <subfield code="7">0</subfield>
    <subfield code="a">01</subfield>
    <subfield code="b">01</subfield>
    <subfield code="d">2025-08-25</subfield>
    <subfield code="e">Kirti Prakashan</subfield>
    <subfield code="f">Commerce</subfield>
    <subfield code="g">350.00</subfield>
    <subfield code="i">IN396,21-08-2025</subfield>
    <subfield code="l">0</subfield>
    <subfield code="p">01-B-144736</subfield>
    <subfield code="r">2025-08-25</subfield>
    <subfield code="w">2025-08-25</subfield>
    <subfield code="y">02</subfield>
  </datafield>
  <datafield tag="952" ind1=" " ind2=" ">
    <subfield code="0">0</subfield>
    <subfield code="1">0</subfield>
    <subfield code="2">ddc</subfield>
    <subfield code="4">0</subfield>
    <subfield code="7">0</subfield>
    <subfield code="a">01</subfield>
    <subfield code="b">01</subfield>
    <subfield code="d">2025-08-25</subfield>
    <subfield code="e">Kirti Prakashan</subfield>
    <subfield code="f">Commerce</subfield>
    <subfield code="g">350.00</subfield>
    <subfield code="i">IN396,21-08-2025</subfield>
    <subfield code="l">0</subfield>
    <subfield code="p">01-B-144737</subfield>
    <subfield code="r">2025-08-25</subfield>
    <subfield code="w">2025-08-25</subfield>
    <subfield code="y">02</subfield>
  </datafield>
  <datafield tag="952" ind1=" " ind2=" ">
    <subfield code="0">0</subfield>
    <subfield code="1">0</subfield>
    <subfield code="2">ddc</subfield>
    <subfield code="4">0</subfield>
    <subfield code="7">0</subfield>
    <subfield code="a">01</subfield>
    <subfield code="b">01</subfield>
    <subfield code="d">2025-08-25</subfield>
    <subfield code="e">Kirti Prakashan</subfield>
    <subfield code="f">Commerce</subfield>
    <subfield code="g">350.00</subfield>
    <subfield code="i">IN396,21-08-2025</subfield>
    <subfield code="l">0</subfield>
    <subfield code="p">01-B-144738</subfield>
    <subfield code="r">2025-08-25</subfield>
    <subfield code="w">2025-08-25</subfield>
    <subfield code="y">02</subfield>
  </datafield>
  <datafield tag="952" ind1=" " ind2=" ">
    <subfield code="0">0</subfield>
    <subfield code="1">0</subfield>
    <subfield code="2">ddc</subfield>
    <subfield code="4">0</subfield>
    <subfield code="7">0</subfield>
    <subfield code="a">01</subfield>
    <subfield code="b">01</subfield>
    <subfield code="d">2025-08-25</subfield>
    <subfield code="e">Kirti Prakashan</subfield>
    <subfield code="f">Commerce</subfield>
    <subfield code="g">350.00</subfield>
    <subfield code="i">IN396,21-08-2025</subfield>
    <subfield code="l">0</subfield>
    <subfield code="p">01-B-144739</subfield>
    <subfield code="r">2025-08-25</subfield>
    <subfield code="w">2025-08-25</subfield>
    <subfield code="y">02</subfield>
  </datafield>
  <datafield tag="952" ind1=" " ind2=" ">
    <subfield code="0">0</subfield>
    <subfield code="1">0</subfield>
    <subfield code="2">ddc</subfield>
    <subfield code="4">0</subfield>
    <subfield code="7">0</subfield>
    <subfield code="a">01</subfield>
    <subfield code="b">01</subfield>
    <subfield code="d">2025-08-25</subfield>
    <subfield code="e">Kirti Prakashan</subfield>
    <subfield code="f">Commerce</subfield>
    <subfield code="g">350.00</subfield>
    <subfield code="i">IN396,21-08-2025</subfield>
    <subfield code="l">0</subfield>
    <subfield code="p">01-B-144740</subfield>
    <subfield code="r">2025-08-25</subfield>
    <subfield code="w">2025-08-25</subfield>
    <subfield code="y">02</subfield>
  </datafield>
  <datafield tag="952" ind1=" " ind2=" ">
    <subfield code="0">0</subfield>
    <subfield code="1">0</subfield>
    <subfield code="2">ddc</subfield>
    <subfield code="4">0</subfield>
    <subfield code="7">0</subfield>
    <subfield code="a">01</subfield>
    <subfield code="b">01</subfield>
    <subfield code="d">2025-08-25</subfield>
    <subfield code="e">Kirti Prakashan</subfield>
    <subfield code="f">Commerce</subfield>
    <subfield code="g">350.00</subfield>
    <subfield code="i">IN396,21-08-2025</subfield>
    <subfield code="l">0</subfield>
    <subfield code="p">01-B-144741</subfield>
    <subfield code="r">2025-08-25</subfield>
    <subfield code="w">2025-08-25</subfield>
    <subfield code="y">02</subfield>
  </datafield>
  <datafield tag="952" ind1=" " ind2=" ">
    <subfield code="0">0</subfield>
    <subfield code="1">0</subfield>
    <subfield code="2">ddc</subfield>
    <subfield code="4">0</subfield>
    <subfield code="7">0</subfield>
    <subfield code="a">01</subfield>
    <subfield code="b">01</subfield>
    <subfield code="d">2025-08-25</subfield>
    <subfield code="e">Kirti Prakashan</subfield>
    <subfield code="f">Commerce</subfield>
    <subfield code="g">350.00</subfield>
    <subfield code="i">IN396,21-08-2025</subfield>
    <subfield code="l">0</subfield>
    <subfield code="p">01-B-144742</subfield>
    <subfield code="r">2025-08-25</subfield>
    <subfield code="w">2025-08-25</subfield>
    <subfield code="y">02</subfield>
  </datafield>
  <datafield tag="952" ind1=" " ind2=" ">
    <subfield code="0">0</subfield>
    <subfield code="1">0</subfield>
    <subfield code="2">ddc</subfield>
    <subfield code="4">0</subfield>
    <subfield code="7">0</subfield>
    <subfield code="a">01</subfield>
    <subfield code="b">01</subfield>
    <subfield code="d">2025-08-25</subfield>
    <subfield code="e">Kirti Prakashan</subfield>
    <subfield code="f">Commerce</subfield>
    <subfield code="g">350.00</subfield>
    <subfield code="i">IN396,21-08-2025</subfield>
    <subfield code="l">0</subfield>
    <subfield code="p">01-B-144743</subfield>
    <subfield code="r">2025-08-25</subfield>
    <subfield code="w">2025-08-25</subfield>
    <subfield code="y">02</subfield>
  </datafield>
  <datafield tag="952" ind1=" " ind2=" ">
    <subfield code="0">0</subfield>
    <subfield code="1">0</subfield>
    <subfield code="2">ddc</subfield>
    <subfield code="4">0</subfield>
    <subfield code="7">0</subfield>
    <subfield code="a">01</subfield>
    <subfield code="b">01</subfield>
    <subfield code="d">2025-08-25</subfield>
    <subfield code="e">Kirti Prakashan</subfield>
    <subfield code="f">Commerce</subfield>
    <subfield code="g">350.00</subfield>
    <subfield code="i">IN396,21-08-2025</subfield>
    <subfield code="l">0</subfield>
    <subfield code="p">01-B-144744</subfield>
    <subfield code="r">2025-08-25</subfield>
    <subfield code="w">2025-08-25</subfield>
    <subfield code="y">02</subfield>
  </datafield>
  <datafield tag="952" ind1=" " ind2=" ">
    <subfield code="0">0</subfield>
    <subfield code="1">0</subfield>
    <subfield code="2">ddc</subfield>
    <subfield code="4">0</subfield>
    <subfield code="7">0</subfield>
    <subfield code="a">01</subfield>
    <subfield code="b">01</subfield>
    <subfield code="d">2025-08-25</subfield>
    <subfield code="e">Kirti Prakashan</subfield>
    <subfield code="f">Commerce</subfield>
    <subfield code="g">350.00</subfield>
    <subfield code="i">IN396,21-08-2025</subfield>
    <subfield code="l">0</subfield>
    <subfield code="p">01-B-144745</subfield>
    <subfield code="r">2025-08-25</subfield>
    <subfield code="w">2025-08-25</subfield>
    <subfield code="y">02</subfield>
  </datafield>
  <datafield tag="952" ind1=" " ind2=" ">
    <subfield code="0">0</subfield>
    <subfield code="1">0</subfield>
    <subfield code="2">ddc</subfield>
    <subfield code="4">0</subfield>
    <subfield code="7">0</subfield>
    <subfield code="a">01</subfield>
    <subfield code="b">01</subfield>
    <subfield code="d">2025-08-25</subfield>
    <subfield code="e">Kirti Prakashan</subfield>
    <subfield code="f">Commerce</subfield>
    <subfield code="g">350.00</subfield>
    <subfield code="i">IN396,21-08-2025</subfield>
    <subfield code="l">0</subfield>
    <subfield code="p">01-B-144746</subfield>
    <subfield code="r">2025-08-25</subfield>
    <subfield code="w">2025-08-25</subfield>
    <subfield code="y">02</subfield>
  </datafield>
</record>
